01603cam a2200481 a 450000100100000000500170001000800410002702000150006804000290008308200200011210000250013224501490015726000310030630000210033750000380035865000350039665000190043170000300045070000370048070000210051770000300053870000210056870000260058970000240061570000310063970000290067070000310069970000230073070000240075370000170077770000220079470000200081670000210083670000370085770000270089470000360092170000180095770000250097570000320100070000410103270000190107370000290109200001303420260325092010.0940329s1993 ve b 000 0 spa  a9806276116 aDO-SdBNPbspacLCdBNPHU a345.8701bB849d1 aBriceno V., Gustavo.13aEl defensor del pueblo en Venezuela :bla figura del Ombudsman /cJosé Guillermo Andueza ... [et al.]. ; presentación Gustavo Briceno Vivas. aCaracas :bKinesis,c1993. a357 p. ;c21 cm. a"Libro homenaje a Orlando Tovar". 4aDefensor del pueblozVenezuela 0aPoder judicial1 aBriceño Vivas, Gustavo.1 aAndueza Acuna, José Guillermo.1 aArrieta, Raúl.1 aBriceño Vivas, Gustavo.1 aCaldera, Rafael.1 aCartañá, Antonio.1 aCombellas, Ricardo.1 aDuque Corredor, Román J.1 aFernández, Fernando M.1 aFernández V., María H.1 aGarcía, Marisol.1 aGil Robles, Alvaro.1 aGil Delgado.1 aGuerón, Carlos.1 aHochman, Issac.1 aMuñoz, Freddy.1 aOmaña Parés, Gustavo Adolfo.1 aReyes S. Pedro Miguel.1 aRondón de Sansó, Hildegard.1 aRoth, Nelson.1 aSalgueiro, Adolfo P.1 aSalvuchi Salgado, José G.1 aSarmiento Núñez, José Gabriel.1 aSosa, Cecilia.1 aTejera París, Enrique.